[Event "GRE-chT 45th"]
[Site "Achaia"]
[Date "2017.07.05"]
[Round "4.3"]
[White "Vozinaki, Anthi Maria"]
[Black "Papathanasiou, Elisavet"]
[Result "1-0"]
[WhiteElo "1837"]
[BlackElo "1927"]
[PlyCount "53"]
[EventDate "2017.07.03"]
[EventType "team-swiss"]
[EventRounds "7"]
[EventCountry "GRE"]
[SourceTitle "CBM 179 Extra"]
[Source "ChessBase"]
[SourceDate "2017.08.23"]
[SourceVersion "1"]
[SourceVersionDate "2017.08.23"]
[SourceQuality "1"]
[WhiteTeam "Chania ADA"]
[BlackTeam "Peristeriou CP"]
[WhiteTeamCountry "GRE"]
[BlackTeamCountry "GRE"]

1. e4 c5 2. Nf3 Nc6 3. d4 cxd4 4. Nxd4 g6 5. Nc3 Bg7 6. Be3 Nf6 7. Nxc6 bxc6 8. e5 Ng8 9. f4 f6 10. Bd4 Qc7 11. exf6 Nxf6 12. Qd2 0-0 13. Bc4+ Kh8 14. 0-0-0 a5 15. h4 a4 16. h5 Nxh5 17. g4 Nf6 18. f5 d5 19. Bd3 gxf5 20. g5 Ne4 21. Bxe4 fxe4 22. g6 e5 23. Rxh7+ Kg8 24. Qh2 Ba6 25. Bxe5 Bxe5 26. Rh8+ Kg7 27. Qh6+ 1-0

[Event "GRE-chT 45th"]
[Site "Achaia"]
[Date "2017.07.04"]
[Round "3.5"]
[White "Serpetsidaki, Eva"]
[Black "Papathanasiou, Elisavet"]
[Result "0-1"]
[WhiteElo "1621"]
[BlackElo "1927"]
[PlyCount "74"]
[EventDate "2017.07.03"]
[EventType "team-swiss"]
[EventRounds "7"]
[EventCountry "GRE"]
[SourceTitle "CBM 179 Extra"]
[Source "ChessBase"]
[SourceDate "2017.08.23"]
[SourceVersion "1"]
[SourceVersionDate "2017.08.23"]
[SourceQuality "1"]
[WhiteTeam "OFI"]
[BlackTeam "Peristeriou CP"]
[WhiteTeamCountry "GRE"]
[BlackTeamCountry "GRE"]

1. e4 c5 2. Nf3 Nc6 3. Bb5 g6 4. 0-0 Bg7 5. c3 Nf6 6. Re1 0-0 7. h3 Qb6 8. Bxc6 Qxc6 9. e5 Nd5 10. d4 cxd4 11. cxd4 d6 12. Nbd2 Nb4 13. Re3 Nd5 14. Re2 Bf5 15. Nf1 Nb4 16. Ng3 Bd3 17. Rd2 Bc2 18. Qe2 Bh6 19. a3 Bxd2 20. axb4 Bxb4 21. Bh6 Rfc8 22. Rc1 Qc4 23. Qe3 Qb3 24. Qg5 dxe5 25. Qxe5 f6 26. Qe2 Bd3 27. Rxc8+ Rxc8 28. Qe3 Bc4 29. Qe4 Bd5 30. Qg4 Rd8 31. Nh4 Qxb2 32. Ngf5 Kf7 33. Ne3 Be6 34. Qg3 Bd6 35. Qf3 Qb1+ 36. Qd1 Qxd1+ 37. Nxd1 g5 0-1

[Event "GRE-chT 45th"]
[Site "Achaia"]
[Date "2017.07.03"]
[Round "1.7"]
[White "Houhouli, Hristina"]
[Black "Papathanasiou, Elisavet"]
[Result "1/2-1/2"]
[WhiteElo "1431"]
[BlackElo "1927"]
[PlyCount "73"]
[EventDate "2017.07.03"]
[EventType "team-swiss"]
[EventRounds "7"]
[EventCountry "GRE"]
[SourceTitle "CBM 179 Extra"]
[Source "ChessBase"]
[SourceDate "2017.08.23"]
[SourceVersion "1"]
[SourceVersionDate "2017.08.23"]
[SourceQuality "1"]
[WhiteTeam "Triandrias PG"]
[BlackTeam "Peristeriou CP"]
[WhiteTeamCountry "GRE"]
[BlackTeamCountry "GRE"]

1. d4 Nf6 2. Nf3 e6 3. Nbd2 c5 4. e3 Nc6 5. b3 b6 6. Bd3 Nb4 7. 0-0 Nxd3 8. cxd3 Bb7 9. Bb2 Be7 10. dxc5 bxc5 11. Nc4 d6 12. Qe2 0-0 13. Rac1 Rc8 14. Rfd1 Nd7 15. Nfd2 Qc7 16. f4 Bf6 17. Bxf6 Nxf6 18. e4 Rfd8 19. Nf3 d5 20. Nce5 dxe4 21. Ng5 exd3 22. Rxd3 Rxd3 23. Qxd3 Qb6 24. Kh1 Qb4 25. Rd1 Bd5 26. Ngxf7 Qxf4 27. Rf1 Qe4 28. Qg3 h5 29. Nd6 h4 30. Qg5 Qe2 31. Ra1 Rf8 32. Ng6 Rd8 33. Ne7+ Kf8 34. Ng6+ Kg8 35. Ne7+ Kf8 36. Ng6+ Kg8 37. Ne7+ 1/2-1/2

[Event "Barcelona Sant Marti op-A 17th"]
[Site "Barcelona"]
[Date "2015.07.19"]
[Round "7"]
[White "Papathanasiou, Elisavet"]
[Black "Rodriguez, Sofia"]
[Result "1/2-1/2"]
[WhiteElo "1951"]
[BlackElo "1783"]
[PlyCount "63"]
[EventDate "2015.07.13"]
[EventType "swiss"]
[EventRounds "9"]
[EventCountry "ESP"]
[SourceTitle "CBM 167 Extra"]
[Source "ChessBase"]
[SourceDate "2015.09.14"]
[SourceVersion "1"]
[SourceVersionDate "2015.09.14"]
[SourceQuality "1"]

1. d4 Nf6 2. Nf3 g6 3. Bf4 Bg7 4. e3 d6 5. h3 0-0 6. Be2 Nfd7 7. 0-0 e5 8. Bh2 f5 9. c4 h6 10. Nc3 e4 11. Ne1 Nf6 12. b4 Nc6 13. c5 d5 14. b5 Ne7 15. b6 axb6 16. cxb6 c6 17. Bc7 Qe8 18. a4 g5 19. a5 Qg6 20. Qb3 f4 21. exf4 gxf4 22. Bxf4 Bxh3 23. a6 Nd7 24. Bg3 Bxd4 25. Rd1 Bxb6 26. axb7 Rae8 27. Na4 Ba7 28. gxh3 Rf3 29. Bxf3 Qxg3+ 30. Kh1 Qxh3+ 31. Kg1 Qg3+ 32. Kh1 1/2-1/2

[Event "Paleochora op 7th"]
[Site "Paleochora"]
[Date "2014.07.23"]
[Round "4"]
[White "Papathanasiou, Elisavet"]
[Black "Michielsen, Joost"]
[Result "1/2-1/2"]
[WhiteElo "1940"]
[BlackElo "2397"]
[PlyCount "94"]
[EventDate "2014.07.21"]
[EventType "swiss"]
[EventRounds "9"]
[EventCountry "GRE"]
[SourceTitle "CBM 161 Extra"]
[Source "ChessBase"]
[SourceDate "2014.08.29"]
[SourceVersion "1"]
[SourceVersionDate "2014.08.29"]
[SourceQuality "1"]

1. d4 Nf6 2. Nf3 d5 3. c4 dxc4 4. e3 e6 5. Bxc4 c5 6. 0-0 a6 7. a4 Nc6 8. Nc3 cxd4 9. exd4 Be7 10. Bf4 Nb4 11. Qb3 b6 12. Rad1 Bb7 13. Ne5 Nfd5 14. Bg3 0-0 15. Rfe1 Rc8 16. Nd3 a5 17. Re2 g6 18. Nxb4 Nxb4 19. h3 Bf6 20. d5 exd5 21. Nxd5 Nxd5 22. Bxd5 Bxd5 23. Rxd5 Rc1+ 24. Kh2 Qc8 25. Qxb6 Rc6 26. Qxa5 h5 27. Qd2 Rb6 28. Be5 Bxe5+ 29. Rdxe5 Qb8 30. g3 h4 31. a5 hxg3+ 32. fxg3 Rb3 33. R5e3 Rb5 34. Ra3 Rd8 35. Qc3 Rc8 36. Qf6 Rf5 37. Qe7 Rb5 38. Qf6 Rf5 39. Qd4 Rf1 40. Rc3 Rd8 41. Qc5 Qa8 42. Qc6 Qxa5 43. Rf3 Qe1 44. Rxf1 Qxe2+ 45. Qg2 Rd2 46. Qxe2 Rxe2+ 47. Kg1 Rxb2 1/2-1/2

[Event "GRE-ch U20 Girls"]
[Site "Thessaloniki"]
[Date "2014.01.05"]
[Round "4"]
[White "Terzidaki, Alexandra"]
[Black "Papathanasiou, Elisavet"]
[Result "1-0"]
[WhiteElo "1914"]
[BlackElo "1940"]
[PlyCount "105"]
[EventDate "2014.01.02"]
[EventType "tourn"]
[EventRounds "7"]
[EventCountry "GRE"]
[SourceTitle "EXT 2016"]
[Source "ChessBase"]
[SourceDate "2015.10.08"]
[SourceVersion "1"]
[SourceVersionDate "2015.10.08"]
[SourceQuality "1"]

1. e4 c5 2. Nf3 d6 3. Bb5+ Nd7 4. d4 Ngf6 5. 0-0 Nxe4 6. Re1 Nef6 7. dxc5 dxc5 8. Ng5 e6 9. Qe2 Be7 10. Nc3 a6 11. Nxf7 Kxf7 12. Qxe6+ Ke8 13. Bc4 Rf8 14. Bb5 axb5 15. Nxb5 Ne5 16. Qxe5 Kf7 17. Bg5 Re8 18. Rad1 Qb6 19. Bxf6 gxf6 20. Qh5+ Kf8 21. Nd6 Bxd6 22. Rxe8+ Kg7 23. Rxc8 Rxc8 24. Qg4+ Kh6 25. Qxc8 Qxb2 26. Qh3+ Kg5 27. Qe3+ Bf4 28. h4+ Kf5 29. Rd5+ Be5 30. Qh3+ Kg6 31. Qg4+ Kh6 32. Qd1 Qxa2 33. Rd7 b5 34. Qd2+ Kg6 35. Qd3+ f5 36. g4 Qa1+ 37. Kg2 Qa8+ 38. f3 Qf8 39. h5+ Kg5 40. Qxf5+ Qxf5 41. gxf5 h6 42. Rd5 Bd4 43. Kg3 Be3 44. f4+ Bxf4+ 45. Kf3 Bc1 46. Rxc5 b4 47. Rb5 Bd2 48. Ke4 Bc3 49. Rb6 Kxh5 50. Rg6 Bd2 51. Rg2 Bg5 52. Ke5 Kh4 53. f6 1-0

[Event "EU-ch U16 Girls 23rd"]
[Site "Budva"]
[Date "2013.10.07"]
[Round "8"]
[White "Paolillo, Gaia"]
[Black "Papathanasiou, Elisavet"]
[Result "0-1"]
[WhiteElo "1920"]
[BlackElo "1925"]
[PlyCount "148"]
[EventDate "2013.09.29"]
[EventType "swiss"]
[EventRounds "9"]
[EventCountry "MNE"]
[SourceTitle "EXT 2014"]
[Source "ChessBase"]
[SourceDate "2013.11.20"]
[SourceVersion "1"]
[SourceVersionDate "2013.11.20"]
[SourceQuality "1"]

1. e4 c5 2. b3 d6 3. Bb2 Nf6 4. Bb5+ Bd7 5. Bxd7+ Qxd7 6. Nc3 g6 7. Nd5 Bg7 8. Nxf6+ exf6 9. Nf3 0-0 10. 0-0 Nc6 11. d3 Rfe8 12. Re1 Rad8 13. Qd2 Ne5 14. Bxe5 dxe5 15. Rad1 b6 16. Qe2 Qb5 17. Nd2 Qc6 18. Nb1 f5 19. Nc3 f4 20. Nd5 h5 21. c4 Bf6 22. a3 Kg7 23. Kf1 Rh8 24. Qc2 Qe6 25. Nxf6 Kxf6 26. f3 g5 27. Qf2 Qe7 28. Ke2 Rd4 29. Rd2 Qd7 30. Red1 b5 31. Qe1 Rb8 32. Rb2 Qe6 33. cxb5 Rxb5 34. Qc3 Qb6 35. Rdb1 Rd8 36. Qc4 Rb8 37. Kf1 a5 38. Ke2 g4 39. fxg4 hxg4 40. g3 f3+ 41. Kf1 Qe6 42. h4 gxh3 43. Qxe6+ Kxe6 44. Kf2 h2 45. Kxf3 h1Q+ 46. Rxh1 Rxb3 47. Rxb3 Rxb3 48. Ke2 Rxa3 49. g4 Ra2+ 50. Ke3 f6 51. Rc1 Kf7 52. Rxc5 Kg6 53. Rc8 a4 54. Ra8 a3 55. Ra7 Kg5 56. Rg7+ Kh4 57. Rh7+ Kxg4 58. Rh1 Rb2 59. Rg1+ Kh3 60. Ra1 a2 61. d4 Kg2 62. d5 Kg3 63. Rg1+ Kh4 64. Ra1 Kg5 65. Rg1+ Kh6 66. Ra1 Kg7 67. Kd3 Kf7 68. Kc3 Re2 69. Kd3 Rg2 70. Kc3 Rg7 71. Rxa2 Rg3+ 72. Kb4 Re3 73. Kc5 Rxe4 74. Rh2 Ra4 0-1

[Event "EU-ch U16 Girls 23rd"]
[Site "Budva"]
[Date "2013.10.02"]
[Round "4"]
[White "Papathanasiou, Elisavet"]
[Black "Rodionova, Polina"]
[Result "1/2-1/2"]
[WhiteElo "1925"]
[BlackElo "2151"]
[PlyCount "80"]
[EventDate "2013.09.29"]
[EventType "swiss"]
[EventRounds "9"]
[EventCountry "MNE"]
[SourceTitle "EXT 2014"]
[Source "ChessBase"]
[SourceDate "2013.11.20"]
[SourceVersion "1"]
[SourceVersionDate "2013.11.20"]
[SourceQuality "1"]

1. d4 Nf6 2. c4 g6 3. Nc3 Bg7 4. e4 d6 5. Nf3 0-0 6. Be2 Bg4 7. 0-0 Nfd7 8. Be3 Nc6 9. Qd2 Bxf3 10. Bxf3 e5 11. d5 Nd4 12. Bd1 c5 13. Nb5 Qb6 14. a4 a6 15. a5 Qd8 16. Nc3 f5 17. f4 Qe7 18. Bc2 Nf6 19. fxe5 dxe5 20. exf5 gxf5 21. Rae1 Ng4 22. Bg5 Bf6 23. Bxf6 Rxf6 24. Qg5+ Qg7 25. Qxg7+ Kxg7 26. Bd1 Nh6 27. Rxe5 b6 28. axb6 Rxb6 29. Na4 Rb4 30. Nxc5 Rxc4 31. Ne6+ Nxe6 32. dxe6 Kf6 33. Rfe1 Ng4 34. Rd5 Re8 35. Ra5 Rc1 36. Rxa6 Re7 37. Rd6 Ne5 38. Kf1 Nc4 39. Rd7 Rxe6 40. b4 Rb6 1/2-1/2

[Event "Rethymno op 5th"]
[Site "Rethymno"]
[Date "2013.07.31"]
[Round "5"]
[White "Phadke, Sohan"]
[Black "Papathanasiou, Elisavet"]
[Result "1-0"]
[WhiteElo "2211"]
[BlackElo "1881"]
[PlyCount "53"]
[EventDate "2013.07.28"]
[EventType "swiss"]
[EventRounds "9"]
[EventCountry "GRE"]
[SourceTitle "CBM 155 Extra"]
[Source "ChessBase"]
[SourceDate "2013.08.26"]
[SourceVersion "1"]
[SourceVersionDate "2013.08.26"]
[SourceQuality "1"]

1. e4 c5 2. Nf3 d6 3. d4 cxd4 4. Nxd4 Nf6 5. Nc3 a6 6. Bc4 e6 7. Bb3 Nbd7 8. Bg5 Nc5 9. f4 Be7 10. Qf3 Qc7 11. f5 e5 12. Nde2 Nxb3 13. axb3 Qc6 14. Bxf6 Bxf6 15. 0-0 b5 16. Nd5 Bb7 17. Kh1 Bd8 18. Nec3 Bb6 19. Qg4 Kf8 20. f6 g6 21. Nxb6 Qxb6 22. Qd7 b4 23. Rad1 Qd8 24. Qxb7 bxc3 25. Rxd6 Qe8 26. bxc3 a5 27. Rfd1 1-0

[Event "GRE-ch U16 Girls"]
[Site "Patras"]
[Date "2013.07.13"]
[Round "6.2"]
[White "Prokopiou, Ekaterini"]
[Black "Papathanasiou, Elisavet"]
[Result "0-1"]
[WhiteElo "1597"]
[BlackElo "1881"]
[PlyCount "106"]
[EventDate "2013.07.08"]
[EventType "swiss"]
[EventRounds "9"]
[EventCountry "GRE"]
[SourceTitle "EXT 2024"]
[Source "ChessBase"]
[SourceDate "2023.10.10"]
[SourceVersion "1"]
[SourceVersionDate "2023.10.10"]
[SourceQuality "1"]

1. d4 Nf6 2. c4 c5 3. Nf3 g6 4. g3 Bg7 5. Bg2 cxd4 6. Nxd4 Nc6 7. Nc3 0-0 8. 0-0 Qb6 9. Nxc6 bxc6 10. Rb1 Ba6 11. Qa4 Bb7 12. Be3 Qc7 13. c5 Nd5 14. Nxd5 cxd5 15. Rfd1 Bc6 16. Qc2 e6 17. b4 Rfb8 18. a4 a6 19. Rd3 Qd8 20. Ra3 d6 21. Rbb3 dxc5 22. Bxc5 Qd7 23. Rb1 Bf8 24. Bxf8 Kxf8 25. e3 Kg8 26. Rc1 Rc8 27. Qd1 Rab8 28. Rb1 Qd6 29. Qd2 a5 30. Ra2 axb4 31. Rab2 Bxa4 32. Rxb4 Rxb4 33. Rxb4 Rc2 34. Qe1 Qc7 35. Rb1 Bb5 36. Bf1 Bxf1 37. Qxf1 Qc3 38. Qd1 Kg7 39. Qf1 Qd2 40. Rd1 Qc3 41. Rd3 Qb2 42. Rd1 Kf6 43. Rb1 Qc3 44. Qd1 Kg7 45. Qf1 e5 46. Rd1 Qc4 47. Qe1 Ra2 48. Rc1 Qe4 49. Qd1 Rb2 50. Ra1 d4 51. exd4 exd4 52. Rc1 d3 53. Qf1 Re2 0-1

[Event "GRE-ch U16 Girls"]
[Site "Patras"]
[Date "2013.07.10"]
[Round "3.3"]
[White "Tsolaki, Eleni"]
[Black "Papathanasiou, Elisavet"]
[Result "0-1"]
[WhiteElo "1715"]
[BlackElo "1881"]
[PlyCount "104"]
[EventDate "2013.07.08"]
[EventType "swiss"]
[EventRounds "9"]
[EventCountry "GRE"]
[SourceTitle "EXT 2024"]
[Source "ChessBase"]
[SourceDate "2023.10.10"]
[SourceVersion "1"]
[SourceVersionDate "2023.10.10"]
[SourceQuality "1"]

1. e4 c5 2. Nf3 e6 3. d4 cxd4 4. Nxd4 Nc6 5. Nb5 d6 6. c4 Nf6 7. Bd3 Be7 8. 0-0 0-0 9. b3 b6 10. Bb2 Bb7 11. f3 Rc8 12. Be2 a6 13. Nd4 Qc7 14. Nd2 Rfd8 15. Rc1 Qb8 16. Nxc6 Rxc6 17. Bd4 d5 18. cxd5 exd5 19. Rxc6 Bxc6 20. e5 Nd7 21. Bxa6 Nxe5 22. Re1 Ng6 23. Qc2 Bb7 24. Bd3 Qd6 25. Bxg6 hxg6 26. Qc3 Bf6 27. Bxf6 gxf6 28. Qe3 Rd7 29. Kh1 Kg7 30. Nf1 d4 31. Qd3 Qb4 32. Rd1 Qa5 33. Qc2 Ba6 34. Ng3 d3 35. Qd2 Qxd2 36. Rxd2 Rc7 37. Kg1 f5 38. Kf2 Kf6 39. Ke3 Ke5 40. f4+ Kd5 41. Rb2 Re7+ 42. Kd2 Kd4 43. Rb1 Rc7 44. Re1 Rc2+ 45. Kd1 Rxg2 46. Re7 Rxa2 47. Rxf7 Kc3 48. Rc7+ Kxb3 49. Rc6 Bc4 50. Rxb6+ Kc3 51. Rb1 Bb3+ 52. Ke1 d2+ 0-1

[Event "EU-ch U16 Girls"]
[Site "Prague"]
[Date "2012.08.24"]
[Round "8"]
[White "Papathanasiou, Elisavet"]
[Black "Utiatskaja, Irina"]
[Result "0-1"]
[WhiteElo "1896"]
[BlackElo "2012"]
[PlyCount "138"]
[EventDate "2012.08.17"]
[EventType "swiss"]
[EventRounds "9"]
[EventCountry "CZE"]
[SourceTitle "CBM 150 Extra"]
[Source "ChessBase"]
[SourceDate "2012.10.19"]
[SourceVersion "1"]
[SourceVersionDate "2012.10.19"]
[SourceQuality "1"]

1. Nf3 Nf6 2. c4 g6 3. d4 Bg7 4. Bf4 d6 5. e3 0-0 6. Nc3 c5 7. h3 cxd4 8. exd4 d5 9. c5 Nc6 10. Be2 b6 11. Ne5 Bb7 12. Nxc6 Bxc6 13. b4 bxc5 14. bxc5 Ne4 15. Nxe4 dxe4 16. Be3 Qa5+ 17. Kf1 Rfd8 18. Bc4 e6 19. Rb1 Qc3 20. Rc1 Qb4 21. Kg1 Qb7 22. Rb1 Qd7 23. Qb3 Bxd4 24. Bxd4 Qxd4 25. Bxe6 Be8 26. Bc4 Qxc5 27. Kh2 Qc7+ 28. g3 Rab8 29. Qc2 Qe5 30. Rxb8 Rxb8 31. Re1 Rb2 32. Rxe4 Rxc2 33. Rxe5 Kf8 34. Bb3 Rxf2+ 35. Kg1 Rf3 36. Kh2 Bc6 37. Ra5 Rf2+ 38. Kg1 Rg2+ 39. Kf1 Rxg3 40. Rxa7 Be8 41. h4 h5 42. Kf2 Rg4 43. a4 Rb4 44. Bd1 Rxh4 45. a5 Rh2+ 46. Kg3 Rd2 47. Bf3 Rd3 48. Kg2 h4 49. Be4 Re3 50. Bd5 Re5 51. Bf3 Re3 52. Bd5 Rd3 53. Be4 Rd4 54. Bf3 g5 55. Ra8 Ke7 56. a6 g4 57. Rxe8+ Kxe8 58. Bc6+ Ke7 59. a7 Rd2+ 60. Kg1 Ra2 61. a8Q Rxa8 62. Bxa8 f5 63. Bb7 Kf6 64. Kf2 Kg5 65. Kg2 Kf4 66. Kh2 Ke3 67. Kg2 f4 68. Bc8 h3+ 69. Kh2 Kf3 0-1